Detalles MARC
| 000 -LEADER |
| fixed length control field |
03304nam a2200469Ii 4500 |
| 001 - CONTROL NUMBER |
| control field |
DIGCIDOB038 |
| 003 - CONTROL NUMBER IDENTIFIER |
| control field |
NyNyDIG |
| 006 - FIXED-LENGTH DATA ELEMENTS--ADDITIONAL MATERIAL CHARACTERISTICS |
| fixed length control field |
m o d |
| 007 - PHYSICAL DESCRIPTION FIXED FIELD--GENERAL INFORMATION |
| fixed length control field |
cr ||||||||||| |
| 008 - FIXED-LENGTH DATA ELEMENTS--GENERAL INFORMATION |
| fixed length control field |
131201s2011 sp ab ob 100 0 spa d |
| 020 ## - INTERNATIONAL STANDARD BOOK NUMBER |
| Canceled/invalid ISBN |
9788492511334 |
| 020 ## - INTERNATIONAL STANDARD BOOK NUMBER |
| Canceled/invalid ISBN |
8492511338 |
| 035 ## - SYSTEM CONTROL NUMBER |
| System control number |
(OCoLC)1050236742 |
| 040 ## - CATALOGING SOURCE |
| Original cataloging agency |
DGITA |
| Language of cataloging |
eng |
| Description conventions |
rda |
| -- |
pn |
| Transcribing agency |
DGITA |
| 043 ## - GEOGRAPHIC AREA CODE |
| Geographic area code |
e------ |
| 050 14 - LIBRARY OF CONGRESS CALL NUMBER |
| Classification number |
JV6038 eBook |
| 111 2# - MAIN ENTRY--MEETING NAME |
| Meeting name or jurisdiction name as entry element |
Seminario Inmigración y Europa |
| Number of part/section/meeting |
(7th : |
| Date of meeting or treaty signing |
2009 : |
| Location of meeting |
Barcelona, Spain) |
| 245 10 - TITLE STATEMENT |
| Title |
Políticas públicas y modelos de ciudadanía : |
| Remainder of title |
septimo Seminario "Inmigración y Europa" / |
| Statement of responsibility, etc. |
VII Seminario Inmigración y Europa ; coordinación de esta edición, Elena Sánchez y Gemma Pinyol. |
| 264 #1 - PRODUCTION, PUBLICATION, DISTRIBUTION, MANUFACTURE, AND COPYRIGHT NOTICE |
| Place of production, publication, distribution, manufacture |
Barcelona : |
| Name of producer, publisher, distributor, manufacturer |
CIDOB edicions, |
| Date of production, publication, distribution, manufacture, or copyright notice |
[2011] |
| 300 ## - PHYSICAL DESCRIPTION |
| Extent |
1 online resource : |
| Other physical details |
illustrations, maps. |
| 336 ## - CONTENT TYPE |
| Content type term |
text |
| Content type code |
txt |
| Source |
rdacontent |
| 337 ## - MEDIA TYPE |
| Media type term |
computer |
| Media type code |
c |
| Source |
rdamedia |
| 338 ## - CARRIER TYPE |
| Carrier type term |
online resource |
| Carrier type code |
cr |
| Source |
rdacarrier |
| 490 1# - SERIES STATEMENT |
| Series statement |
Colección Monografías |
| 500 ## - GENERAL NOTE |
| General note |
"El VII Seminario "Inmigración y Europa", celebrado en Barcelona el 19 de noviembre de 2009". |
| 504 ## - BIBLIOGRAPHY, ETC. NOTE |
| Bibliography, etc. note |
Includes bibliographical references. |
| 505 0# - FORMATTED CONTENTS NOTE |
| Formatted contents note |
Instrumentos de participación de los inmigrantes alternativos al sufragio : retos y alternativas / David Moya -- Derecho a una buena administración, participación "administrativa" de los extranjeros y legitimación administrativa / Juli Ponce Solé -- La Constitución española y los derechos de participación política de los extranjeros / Santiago Ripol -- Reflexión en torno al concepto de espacio público / Eva Bermúdez -- La pulsión securitaria de la ciudad contemporánea / Gemma Galdon Clavell -- Arquitectura y compromiso social : la gestión de los espacios públicos / Isabel de La Vega Meroño -- La acción pública para la inclusión de los inmigrantes en las ciudades europeas y el papel de Eurocities / Dirk Gebhardt -- Inclusión y cohesión social: el papel de la acción pública / Lluïsa Moret -- Ciudadanía y gestión de la diversidad en la ciudad de Sabadell / Ramón Burgués i Salse -- Policesol, una iniciativa local del departamento de policía de Gales del Sur / Vince Donovan -- Sitio web europeo sobre integración / Alex Kirchberger -- La gestión de la diversidad cultural en Andalucía : buenas prácticas y retos de futuro / Sebastian Rinken. |
| 588 0# - SOURCE OF DESCRIPTION NOTE |
| Source of description note |
Online resource; title from PDF title page (Digitalia, viewed December 1, 2013) |
| 651 #0 - SUBJECT ADDED ENTRY--GEOGRAPHIC NAME |
| Geographic name |
European Union countries |
| General subdivision |
Emigration and immigration |
| -- |
Government policy |
| Form subdivision |
Congresses. |
| 651 #0 - SUBJECT ADDED ENTRY--GEOGRAPHIC NAME |
| Geographic name |
European Union countries |
| General subdivision |
Emigration and immigration |
| -- |
Social aspects |
| Form subdivision |
Congresses. |
| 655 #7 - INDEX TERM--GENRE/FORM |
| Genre/form data or focus term |
Conference papers and proceedings. |
| Source of term |
lcgft |
| 655 #0 - INDEX TERM--GENRE/FORM |
| Genre/form data or focus term |
Electronic books. |
| 700 1# - ADDED ENTRY--PERSONAL NAME |
| Personal name |
Pinyol, Gemma, |
| Relator term |
editor. |
| 700 1# - ADDED ENTRY--PERSONAL NAME |
| Personal name |
Sánchez, Elena, |
| Relator term |
editor. |
| 791 2# - |
| -- |
Digitalia (Firm), |
| -- |
distributor. |
| 776 08 - ADDITIONAL PHYSICAL FORM ENTRY |
| Relationship information |
Print version: |
| Main entry heading |
Seminario Inmigración y Europa (7th : 2009 : Barcelona, Spain). |
| Title |
Políticas públicas y modelos de ciudadanía. |
| Place, publisher, and date of publication |
Barcelona : CIDOB edicions, [2011] |
| International Standard Book Number |
9788492511334 |
| 793 0# - |
| -- |
Digitalia eBook Collection: |
| -- |
Fundació CIDOB |
| 830 #0 - SERIES ADDED ENTRY--UNIFORM TITLE |
| Uniform title |
Monografías (CIDOB (Center)) |
| 856 40 - ELECTRONIC LOCATION AND ACCESS |
| Materials specified |
Digitalia Hispánica |
| Uniform Resource Identifier |
<a href="https://www.digitaliapublishing.com/a/23515/">https://www.digitaliapublishing.com/a/23515/</a> |
| 910 ## - USER-OPTION DATA (OCLC) |
| User-option data |
Premium Collection: 2007-2012 |
| 942 ## - ADDED ENTRY ELEMENTS (KOHA) |
| Koha item type |
Recurso Electrónico |